Môj pohľad na Baťov systém riadenia

Pohľad na Baťov systém riadenia. Systém podnikateľskej filozofie, ktorú vytvoril Tomáš Baťa. Tomáš Baťa ako osobnosť, podnikateľ a manažér. Baťov sociálny systém. Podniková výchova v Baťových závodoch.

Salvato in:
Dettagli Bibliografici
Autore principale: Kováč, Róbert
Natura: Capitolo di libro
Lingua:slovacco
Soggetti:
Tags: Aggiungi Tag
Nessun Tag, puoi essere il primo ad aggiungerne!!

MARC

LEADER 00000naa$a2200000$$$4500
001 0036887
005 20230808080924.8
041 0 |a slo 
044 |a SK 
245 1 0 |a Môj pohľad na Baťov systém riadenia  |c Róbert Kováč 
520 |a Pohľad na Baťov systém riadenia. Systém podnikateľskej filozofie, ktorú vytvoril Tomáš Baťa. Tomáš Baťa ako osobnosť, podnikateľ a manažér. Baťov sociálny systém. Podniková výchova v Baťových závodoch. 
610 2 0 |a podnikanie 
610 2 0 |a Baťa, T. 
610 2 0 |a osobnosť 
610 2 0 |a batizmus 
610 2 0 |a filozofia 
610 2 0 |a riadenie 
610 2 0 |a výchova 
610 2 0 |a politika sociálna podniková 
100 1 |a Kováč, Róbert